000 01259nam a22002777a 4500
001 TZ 0022
003 gtcocun
005 20250929173912.0
006 a||||gr|||| 00| 0
007 ta
008 250929b2002 gt ||||| m||| 00| 0 eng d
040 _agtcocun
_bSPA
_cgtcocun
_eRDA
041 _aSPA TZ 0022
084 _0TZ 0022
100 _aVargas Juárez, Marco Vinicio
_eAutor
245 _aCARACTERIZACIÓN DEL POTENCIAL PRODUCTIVO DDE PATO CRIOLLO (Anas domésticas), BAJO CONDICIONES INTENSIVAS DE CRIANZA, EN EL MUNICIPIO DE SAN PEDRO CARCHÁ, ALTA VERAPAZ./
_cMarco Vinicio Vargas Juárez.
_hImpreso
264 _aCobán, Alta Verapaz:
_bUniversidad de San Carlos de Guatemala, Centro Universitario del Norte,
300 _a26 p.:
_bIlustraciones, gráficas.
_c28 cm;
502 _eTZ 0022
502 _aTesis de grado
_bZootecnia,
_cUniversidad de San Carlos de Guatemala, Centro Universitario del Norte, Zootecnia
_d2002
_oTZ 0022
650 1 4 _2LEMB
_aSan Pedro Carchá, Alta Verapaz.
_xZootecnia
_xCrianza
_xAgroservicios
_xGranja pecuaria
_xProteína
_xConversión
700 _eAsesor
856 _uSin archivo en línea.
_zSin archivo en línea.
942 _2ddc
_cTES
_iTZ 0022
_kClasificación
_n0
_6TZ_0022_000000000000000
999 _c2174
_d2174